| 000 | 00630nam a2200229 i 4500 | ||
|---|---|---|---|
| 001 | 9956 | ||
| 003 | ES-MaACL | ||
| 005 | 20230906145807.0 | ||
| 007 | t| | ||
| 008 | 940531s1992 sp ||||1| spa d | ||
| 020 | _a84-86575-34-6 | ||
| 080 | _a86-311.2"19" | ||
| 080 | _a86(Doña,J.7 G.01) | ||
| 100 | 1 |
_aDoña, Juana. _945355 |
|
| 245 | 1 | 0 |
_aGente de abajo / _cJuana Doña. |
| 260 |
_aMadrid : _bA-Z, _c1992. |
||
| 300 |
_a190 p. ; _c19 cm. |
||
| 490 | 1 |
_aA-Z narrativa ; _v5 |
|
| 830 | 0 |
_aA-Z narrativa ; _v5 _9228086 |
|
| 852 |
_aES-MaACL _jL-17451 _bR.120918 _q. - Ded. autógr. de la autora |
||
| 999 |
_c9956 _d9956 |
||